Detalles MARC
| 000 -CABECERA |
| campo de control de longitud fija |
00837nam a2200169 a 4500 |
| 001 - NÚMERO DE CONTROL |
| campo de control |
000033928 |
| 005 - FECHA Y HORA DE LA ÚLTIMA TRANSACCIÓN |
| campo de control |
20200930070631.0 |
| 008 - DATOS DE LONGITUD FIJA--INFORMACIÓN GENERAL |
| campo de control de longitud fija |
110914s1989 es 000 0 spa d |
| 020 ## - NÚMERO INTERNACIONAL ESTÁNDAR DEL LIBRO |
| Número Internacional Estándar del Libro |
8400069293 |
| 040 ## - FUENTE DE LA CATALOGACIÓN |
| Centro catalogador/agencia de origen |
DO-SdBNP |
| 111 2# - ENTRADA PRINCIPAL--NOMBRE DE CONGRESO/REUNIÓN |
| Nombre de congreso/reunión o jurisdicción como elemento de entrada |
Coloquio Hispano-Francés de Historia Contemporánea |
| Número del congreso/reunión o número de parte o sección |
(2 : 16-18 de junio |
| Fecha del congreso/reunión |
1986 : |
| Sede del congreso/Lugar de la reunión |
Aix-en-Provence) |
| 9 (RLIN) |
59372 |
| 245 10 - MENCIÓN DE TÍTULO |
| Título |
España, Francia y la comunidad europea : |
| Resto del título |
actas del Segundo Coloquio Hispano-Francés de Historia Contemporánea / |
| Mención de responsabilidad, etc. |
edición a cargo de Jean-Pierre Etienvre, José Ramón Urquijo Goitia. |
| 260 ## - PUBLICACIÓN, DISTRIBUCIÓN, ETC. |
| Lugar de publicación, distribución, etc. |
Madrid : |
| Nombre del editor, distribuidor, etc. |
Casa de Velázquez : |
| -- |
Consejo Superior de Investigaciones Científicas, Departamento de Historia Contemporánea, |
| Fecha de publicación, distribución, etc. |
1989. |
| 300 ## - DESCRIPCIÓN FÍSICA |
| Extensión |
286 p. : |
| Otras características físicas |
il. ; |
| Dimensiones |
24 cm. |
| 700 1# - PUNTO DE ACCESO ADICIONAL--NOMBRE DE PERSONA |
| Nombre de persona |
Etienvre, Jean-Pierre |
| Término indicativo de función/relación |
ed. |
| 9 (RLIN) |
59373 |
| 700 1# - PUNTO DE ACCESO ADICIONAL--NOMBRE DE PERSONA |
| Nombre de persona |
Urquijo y Goitia, José Ramón de. |
| Término indicativo de función/relación |
ed. |
| 9 (RLIN) |
59374 |